| 000 | 00608nam a2200241Ia 4500 | ||
|---|---|---|---|
| 003 | OSt | ||
| 005 | 20221006144832.0 | ||
| 006 | a|||||r|||| 00| 0 | ||
| 007 | ta | ||
| 008 | 221006b |||||||| |||| 00| 0 eng d | ||
| 020 | _c120.00(each) | ||
| 024 | _a12,882 | ||
| 037 | _cTextual | ||
| 040 |
_aEASL _cEASL _beng |
||
| 041 |
_2eng _aeng |
||
| 082 | _aV41:1942.N76, L7;1 | ||
| 100 | _aJAIN R K | ||
| 245 | 0 | _aChina and Japan | |
| 260 |
_aDelhi _bRadiant Pub. _c1977 |
||
| 300 |
_a340p. _ccm. |
||
| 942 |
_hV41:1942.N76, L7;1 _cTEXL _2CC |
||
| 999 |
_c1080968 _d1080968 |
||